| 000 | 00760nam a2200289Ia 4500 | ||
|---|---|---|---|
| 008 | 161027s9999||||xx |||||||||||||| ||und|| | ||
| 040 | _cHindi-Sanskrit | ||
| 082 | _aX.B | ||
| 082 | _bBORI-62979 | ||
| 100 | _aP. Gopaldasji Baraiyake | ||
| 245 | _aSabhashyatattvarthadhigamasutra | ||
| 260 | _aMumbai | ||
| 260 | _b"Sheth Manilal, Revashankar Jagajivan Jauhari" | ||
| 260 | _c1989 | ||
| 300 | _a476pp | ||
| 300 | _cC | ||
| 300 | _eHardbound | ||
| 530 | _u00013715.jpeg | ||
| 563 | _aText | ||
| 600 | _aP. Gopaldasji Baraiyake | ||
| 630 | _aSabhashyatattvarthadhigamasutra | ||
| 650 | _aBuddhism and Jainism | ||
| 650 | _aJainism | ||
| 700 | _aP. Gopaldasji Baraiyake | ||
| 730 | _aSabhashyatattvarthadhigamasutra | ||
| 942 | _cBOOK | ||
| 999 |
_c1402088 _d1402085 |
||